000 00907cam a2200289 a 4500
001 4327429
003 NUST - PNEC
005 20170116181024.0
008 880202s1988 nyua 001 0 eng
010 _a 88002993
020 _a0071001948
020 _a007015905X (pbk.)
040 _aDLC
_cDLC
_dDLC
050 0 0 _aQA76.73.F25
_bD385 1988
082 0 0 _a005.133 DAV
100 1 _aDavis, Gordon Bitter.
245 1 0 _aFORTRAN 77 : a structured, disciplined style /
_cGordon B. Davis, Thomas R. Hoffmann.
250 _a3rd ed.
260 _aNew York :
_bMcGraw-Hill,
_c1988.
300 _aix, 434 p. :
_bcol. ill. ;
_c28 cm.
500 _aIncludes index.
650 0 _aFORTRAN 77 (Computer program language)
650 0 _aProgram Language
_xMIS. Computer Science
_916686
700 1 _aHoffmann, Thomas Russell,
_d1933-
906 _a7
_bcbc
_corignew
_d1
_eocip
_f19
_gy-gencatlg
942 _2ddc
_cBK
999 _c67487
_d67487